|
|
|
|
| LEADER |
00699cam a2200193 7i4500 |
| 001 |
0000000807 |
| 005 |
20190613090000.0 |
| 020 |
|
|
|a 0852263422 (pbk.)
|
| 090 |
0 |
0 |
|a TA357
|b .G85 1984
|
| 100 |
1 |
|
|a Gupta, Vijay
|
| 245 |
1 |
0 |
|a Fluid mechanics and its applications
|c Vijay Gupta, Santosh K. Gupta.
|
| 260 |
|
|
|a New Delhi:
|b New Age International (P) Ltd., Pub.,
|c 1984.
|
| 300 |
|
|
|a vii, 536 p.:
|b ill.;
|c 23 cm.
|
| 500 |
|
|
|a Includes index
|
| 650 |
0 |
0 |
|a Fluid mechanics
|
| 700 |
1 |
|
|a Gupta, Santosh K
|
| 997 |
|
|
|a Engineering & Life Sciences, Faculty
|b Engineering, Department
|
| 999 |
|
|
|a 0000001637
|b BOK
|c OPEN SHELF
|e 2nd Floor, Bestari Jaya
|
| 999 |
|
|
|a 0000007797
|b BOK
|c OPEN SHELF
|e 2nd Floor, Bestari Jaya
|